Construction adjudication (Record no. 112504)
[ view plain ]
| 000 -LEADER | |
|---|---|
| fixed length control field | 01438cad a22002175a 4500 |
| 001 - CONTROL NUMBER | |
| control field | L153412 |
| 008 - FIXED-LENGTH DATA ELEMENTS--GENERAL INFORMATION | |
| fixed length control field | 110722s2011 xxk f 000 0 eng d |
| 035 ## - SYSTEM CONTROL NUMBER | |
| System control number | (Sirsi) u153412 |
| 041 0# - LANGUAGE CODE | |
| Language code of text/sound track or separate title | eng |
| 110 2# - MAIN ENTRY--CORPORATE NAME | |
| Corporate name or jurisdiction name as entry element | CMS Cameron McKenna |
| 9 (RLIN) | 5874 |
| 245 00 - TITLE STATEMENT | |
| Title | Construction adjudication |
| Remainder of title | draft decisions and apparent bias |
| Medium | [electronic resource] |
| 260 ## - PUBLICATION, DISTRIBUTION, ETC. | |
| Place of publication, distribution, etc. | London |
| Name of publisher, distributor, etc. | CMS Cameron McKenna LLP |
| Date of publication, distribution, etc. | 2011 |
| 490 #0 - SERIES STATEMENT | |
| Series statement | Law-Now Article |
| 520 ## - SUMMARY, ETC. | |
| Summary, etc. | Explains the two primary grounds on which the courts will refuse to uphold an adjudicator's decision - where the adjudicator lacked or exceeded his jurisdiction and where the adjudicator's decision or the adjudication itself was affected by a failure to afford natural justice. Looks at Lanes v Galliford Try which is the first reported instance of its kind in adjudication and highlights the dangers of adjudicators expressing preliminary views on matters before they have heard the full arguments of the parties. |
| 590 ## - LOCAL NOTE (RLIN) | |
| Local note | KA NTK |
| 651 #4 - SUBJECT ADDED ENTRY--GEOGRAPHIC NAME | |
| Geographic name | United Kingdom |
| Chronological subdivision | |
| 690 ## - LOCAL SUBJECT ADDED ENTRY--TOPICAL TERM (OCLC, RLIN) | |
| Topical term or geographic name as entry element | MANAGEMENT-DISPUTE AVOIDANCE, MANAGEMENT AND RESOLUTION-DISPUTE MANAGEMENT AND RESOLUTION-ALTERNATIVE DISPUTE RESOLUTION-ADJUDICATION |
| 690 ## - LOCAL SUBJECT ADDED ENTRY--TOPICAL TERM (OCLC, RLIN) | |
| Topical term or geographic name as entry element | BUILT ENVIRONMENT-CONSTRUCTION MANAGEMENT-BUILDING CONTRACT ADMINISTRATION |
| 856 40 - ELECTRONIC LOCATION AND ACCESS | |
| Uniform Resource Identifier | <a href="https://www.law-now.com/DirectMail/%7BAFCA023C-17BB-4A9A-8700-C8D04C32A25F%7D_ConAdjJul11.htm">https://www.law-now.com/DirectMail/%7BAFCA023C-17BB-4A9A-8700-C8D04C32A25F%7D_ConAdjJul11.htm</a> |
| Public note | Register for this free online information service at www.law-now.com |
| 942 ## - ADDED ENTRY ELEMENTS (KOHA) | |
| Suppress in OPAC | 0 |
| Withdrawn status | Lost status | Source of classification or shelving scheme | Damaged status | Not for loan | Home library | Current library | Shelving location | Date acquired | Total Checkouts | Full call number | Barcode | Date last seen | Copy number | Price effective from | Koha item type |
|---|---|---|---|---|---|---|---|---|---|---|---|---|---|---|---|
| Dewey Decimal Classification | Virtual | Virtual | Online | 22/07/2011 | ONLINE PUBLICATION | 153412-2001 | 06/08/2019 | 1 | 06/08/2019 | Book |